Perspektívy urbanizácie na Slovensku

Bibliographic Details
Main Author: Zibrin, Pavel, 1925-2005 (Author)
Format: Article
Language:Slovak
Subjects:

MARC

LEADER 00000nab a2200000 a 4500
001 vtls000220757
003 SK-MaSNL
005 20260426083325.0
008 111202c1985 xo 0 slo
015 |a SNBRA19rr/mm-uuuuu 
035 |a CL0230871 
040 |a SNKBUCL  |b slo  |c SNKBUCL  |e AACR2 
041 0 |a slo 
044 |a xo  |c SK 
080 |a 711(437.6)(091)  |2 1981 
100 1 |a Zibrin, Pavel,  |d 1925-2005  |4 aut  |9 255800 
245 1 0 |a Perspektívy urbanizácie na Slovensku  |c Pavel Zibrin 
650 0 7 |a urbanizmus  |2 snkbucl  |9 2925 
651 7 |a Slovensko  |2 snkbucl  |9 14231 
655 7 |a články zo zborníkov  |2 snkbucl  |9 166140 
773 0 |t Slovakistické štúdie  |d Martin : Matica slovenská, 1985 
850 |a Slovenská národná knižnica v Martine  |a MTA001 
852 |a SNK  |b KIS3GCP 
958 |a RK 
992 |a RZB 
999 |c 2902321  |d 2904251